All cities of Kyrgyzstan - Statistics

General Stats
  • This quiz has been taken 13 times
  • The average score is 9 of 32
Answer Stats
Region City % Correct
Capital Bishkek
91%
the city of republican subordination Osh
91%
Zhalal-Abad Region Jalal-Abad
73%
Ysyk-Kol Region Karakol
73%
Zhalal-Abad Region Kara-Kol/Kara-Kyl
73%
Naryn Region Naryn
73%
Ysyk-Kol Region Cholpon-Ata
55%
Talas Region Talas
45%
Chuy Region Tokmok
45%
Batken Region Batken
36%
Osh Region Ozgon/Ozgen/Uzgen
36%
Ysyk-Kol Region Balykchy
27%
Chuy Region Kant
27%
Chuy Region Kara-Balta
27%
Chuy Region Kemin
27%
Osh Region Kara-Suu
18%
Osh Region Nookat
18%
Batken Region Aydarken
9%
Zhalal-Abad Region Bazar-Korgon
9%
Batkent Region Isfana / Razzakov
9%
Batken Region Kadamjay
9%
Zhalal-Abad Region Kerben
9%
Batken Region Suluktu/Sulukta
9%
Zhalal-Abad Region Tash-Komur
9%
Zhalal-Abad Region Toktogul
9%
Chuy Region Kayyngdy
0%
Zhalal-Abad Region Kochkor-Ata
0%
Zhalal-Abad Region Kok-Janggak
0%
Batken Region Kyzyl-Kyya
0%
Zhalal-Abad Region Mayluu-Suu
0%
Chuy Region Orlovka/Kyraandy
0%
Chuy Region Shopokov
0%
No matching quizzes found
Score Distribution
Percent of People with Each Score
Percentile by Number Answered
Your Score History
You have not taken this quiz